[Event "Chess Olympiad 2012"]
[Site "?"]
[Date "????.??.??"]
[Round "9"]
[White "Mchedlishvili, Mikheil"]
[Black "Sasikiran, Krishnan"]
[Result "1/2-1/2"]
[WhiteElo "2659"]
[BlackElo "2707"]
[PlyCount "91"]

1. d4 Nf6 2. c4 e6 3. Nf3 b6 4. a3 Bb7 5. Nc3 d5 6. cxd5 Nxd5 7. Qa4+ Nd7 8.
Nxd5 Bxd5 9. Qc2 Rc8 10. e4 Bb7 11. Bb5 c6 12. Bc4 b5 13. Be2 c5 14. d5 c4 15.
O-O Bc5 16. a4 a6 17. axb5 axb5 18. dxe6 fxe6 19. b3 O-O 20. bxc4 b4 21. Bb2
Qb6 22. Rad1 Nf6 23. Bd3 Nh5 24. Ne5 b3 25. Qe2 Nf6 26. Bb1 Rcd8 27. Kh1 Bd4
28. Rxd4 Rxd4 29. Qe3 Rd6 30. c5 Qb5 31. Rc1 Rdd8 32. Bd3 Rxd3 33. Nxd3 Nxe4
34. Kg1 Rd8 35. c6 Rxd3 36. Qxe4 Qxc6 37. Qg4 Qd7 38. h3 e5 39. Bxe5 Qxg4 40.
hxg4 Rd7 41. Rc5 Rd1+ 42. Kh2 Rd5 43. Rc7 Rxe5 44. Rxb7 Re2 45. Rxb3 Rxf2 46.
Rd3 1/2-1/2

[Event "Chess Olympiad 2012"]
[Site "?"]
[Date "????.??.??"]
[Round "9"]
[White "Le, Quang Liem"]
[Black "Adams, Michael"]
[Result "1-0"]
[WhiteElo "2693"]
[BlackElo "2722"]
[PlyCount "91"]

1. d4 Nf6 2. c4 e6 3. g3 Bb4+ 4. Bd2 Bxd2+ 5. Qxd2 d5 6. Bg2 O-O 7. Nf3 Nbd7 8.
O-O dxc4 9. Rc1 Qe7 10. Rxc4 c6 11. Qf4 Re8 12. e4 e5 13. dxe5 Nxe5 14. Qxe5
Qxe5 15. Nxe5 Rxe5 16. Nc3 Re7 17. Rd4 Be6 18. f4 Rd7 19. Rxd7 Nxd7 20. Rd1 g6
21. f5 gxf5 22. Bh3 Nf6 23. exf5 Bd5 24. Bg2 Rd8 25. Bf3 Kf8 26. g4 Ke7 27. Kf2
Rg8 28. h3 Kd6 29. Kg3 Nh5+ 30. Kh4 Nf4 31. Be4 h6 32. Kg3 Nh5+ 33. Kf3 Nf6 34.
Kf4 a5 35. Bf3 b5 36. h4 b4 37. Nxd5 Nxd5+ 38. Bxd5 cxd5 39. g5 hxg5+ 40. hxg5
Re8 41. g6 f6 42. Kg4 Re4+ 43. Kh5 Re2 44. g7 Rg2 45. Kh6 Ke5 46. Kh7 1-0

[Event "Chess Olympiad 2012"]
[Site "?"]
[Date "????.??.??"]
[Round "9"]
[White "Short, Nigel"]
[Black "Nguyen, Ngoc Truong Son"]
[Result "1/2-1/2"]
[WhiteElo "2698"]
[BlackElo "2639"]
[PlyCount "63"]

1. e4 e6 2. d4 d5 3. Nc3 dxe4 4. Nxe4 Bd7 5. Nf3 Bc6 6. Bd3 Nd7 7. c4 Ngf6 8.
Nc3 Bxf3 9. Qxf3 c5 10. d5 Ne5 11. Qe2 Nxd3+ 12. Qxd3 exd5 13. cxd5 Bd6 14. O-O
O-O 15. h3 Be5 16. Rd1 Bd4 17. Be3 Nxd5 18. Bxd4 cxd4 19. Nxd5 Qxd5 20. Qxd4
Qxd4 21. Rxd4 f6 22. Rad1 Rae8 23. Kf1 Re7 24. Rc1 Rfe8 25. g4 Re2 26. Rc7 R8e7
27. Rxe7 Rxe7 28. a4 Kf7 29. Kg2 Re2 30. Rd7+ Re7 31. Rd4 Re2 32. Rd7+ 1/2-1/2

[Event "Chess Olympiad 2012"]
[Site "?"]
[Date "????.??.??"]
[Round "9"]
[White "Dominguez Perez, Leinier"]
[Black "Shirov, Alexei"]
[Result "1-0"]
[WhiteElo "2725"]
[BlackElo "2706"]
[PlyCount "179"]

1. e4 e6 2. d4 d5 3. Nc3 Nf6 4. e5 Nfd7 5. f4 c5 6. Nf3 Nc6 7. Be3 Be7 8. Qd2
b6 9. Nd1 cxd4 10. Nxd4 Nxd4 11. Bxd4 f6 12. exf6 Bxf6 13. g3 O-O 14. Ne3 Nc5
15. Bg2 Ba6 16. Bxf6 Qxf6 17. O-O-O Rac8 18. Kb1 Rc7 19. Rhe1 g6 20. Ng4 Qg7
21. Ne5 g5 22. fxg5 Rf5 23. Nf3 Ne4 24. Qe3 Rc4 25. Bh3 Rc3 26. Bxf5 Rxe3 27.
Bxe6+ Kh8 28. Rxe3 Qe7 29. Nd4 Qxg5 30. Ree1 Nd2+ 31. Ka1 Nc4 32. Rf1 Qh6 33.
Rf3 Ne3 34. Re1 Ng2 35. Rd1 Ne3 36. Re1 Ng2 37. Rh1 Qd2 38. Rf8+ Kg7 39. Rf7+
Kg6 40. Nf3 Qe2 41. Bxd5 Ne3 42. Ne5+ Kh6 43. Be4 Nxc2+ 44. Bxc2 Qxc2 45. Re1
Qd2 46. Nf3 Qd5 47. Rf6+ Kg7 48. Rf4 Qc5 49. Nd4 Bc8 50. a3 h5 51. Rfe4 Kh6 52.
Ne6 Qf2 53. R4e2 Qf3 54. Nf4 h4 55. Re8 Bf5 56. Rf8 Qf2 57. Nd3 Qd2 58. Rxf5
Qxd3 59. Rf4 hxg3 60. Rg1 Kh5 61. hxg3 Kg5 62. Rf7 a5 63. g4 b5 64. Rf5+ Kg6
65. Rc1 a4 66. Rf4 Qe3 67. Rcf1 Qe2 68. Rb1 Qe3 69. Rb4 Qd3 70. Rc1 Kg7 71. Re1
Kg6 72. Rg1 Kg5 73. Rc1 Kg6 74. Rc6+ Kg7 75. Rc5 Qf1+ 76. Ka2 Qf7+ 77. Kb1 Qf1+
78. Rc1 Qd3+ 79. Ka2 Qd5+ 80. Ka1 Kg6 81. Rf1 Qe5 82. Rbf4 Qe2 83. g5 Qd3 84.
Rf6+ Kg7 85. Rf7+ Kg6 86. R7f6+ Kg7 87. R6f3 Qc4 88. g6 b4 89. Rf7+ Kxg6 90.
R7f4 1-0

[Event "Chess Olympiad 2012"]
[Site "?"]
[Date "????.??.??"]
[Round "9"]
[White "Miezis, Normunds"]
[Black "Bruzon Batista, Lazaro"]
[Result "1/2-1/2"]
[WhiteElo "2580"]
[BlackElo "2711"]
[PlyCount "61"]

1. c4 e5 2. g3 Nc6 3. Bg2 Bc5 4. Nc3 a6 5. e3 d6 6. Nge2 Ba7 7. a3 Nge7 8. d3
Bf5 9. h3 Qd7 10. b4 O-O 11. Bb2 f6 12. Qd2 Kh8 13. Rc1 Rae8 14. Nd5 Nxd5 15.
cxd5 Ne7 16. d4 Bb6 17. dxe5 dxe5 18. Nc3 Nc8 19. Qd1 a5 20. Na4 axb4 21. axb4
Qb5 22. Qb3 Nd6 23. Nc5 Ra8 24. Bf1 Qe8 25. Bg2 Qb5 26. Bf1 Qe8 27. Bg2 Qb5 28.
Bf1 Qe8 29. Bg2 Qb5 30. Bf1 Qe8 31. Bg2 1/2-1/2

[Event "Chess Olympiad 2012"]
[Site "?"]
[Date "????.??.??"]
[Round "9"]
[White "Vallejo Pons, Francisco"]
[Black "Alavi, Seyed Javad"]
[Result "1-0"]
[WhiteElo "2697"]
[BlackElo "2458"]
[PlyCount "69"]

1. e4 e5 2. Nf3 Nc6 3. Bb5 a6 4. Ba4 Nf6 5. d3 d6 6. c3 g6 7. Nbd2 Bg7 8. Nf1
O-O 9. Bg5 h6 10. Bh4 Nb8 11. Ne3 Nbd7 12. Qd2 b5 13. Bc2 Bb7 14. h3 c5 15. Ng4
Kh7 16. Rd1 Qb6 17. O-O Nxg4 18. hxg4 d5 19. Rfe1 d4 20. Bb3 f5 21. gxf5 gxf5
22. cxd4 cxd4 23. Rc1 Nc5 24. Bd5 fxe4 25. dxe4 Ne6 26. Bg3 Rxf3 27. gxf3 Ng5
28. Kg2 Rf8 29. Rh1 Bxd5 30. Qxg5 Kg8 31. Qd2 Bxa2 32. Rh4 Qg6 33. Rch1 Be6 34.
Rxh6 Qf7 35. Kg1 1-0

[Event "Chess Olympiad 2012"]
[Site "?"]
[Date "????.??.??"]
[Round "9"]
[White "Bologan, Viktor"]
[Black "Solak, Dragan"]
[Result "1-0"]
[WhiteElo "2734"]
[BlackElo "2599"]
[PlyCount "59"]

1. d4 d5 2. c4 c6 3. Nf3 Nf6 4. Qb3 dxc4 5. Qxc4 Bf5 6. g3 e6 7. Bg2 Nbd7 8.
O-O Be7 9. e3 h5 10. Qe2 Ne4 11. Ne1 e5 12. Nc2 h4 13. g4 h3 14. Bh1 Bh7 15. f4
exf4 16. exf4 f5 17. Bxe4 fxe4 18. Nc3 Qb6 19. f5 O-O-O 20. Bf4 Nf6 21. b4 Bd6
22. Bxd6 Rxd6 23. g5 Rxd4 24. Kh1 Ne8 25. Nxd4 Qxd4 26. Rac1 Nd6 27. Qg4 Bg8
28. f6+ Kc7 29. f7 Bxf7 30. Rxf7+ 1-0

[Event "Chess Olympiad 2012"]
[Site "?"]
[Date "????.??.??"]
[Round "10"]
[White "Kamsky, Gata"]
[Black "Wang, Yue"]
[Result "1/2-1/2"]
[WhiteElo "2746"]
[BlackElo "2685"]
[PlyCount "115"]

1. e4 e5 2. Nf3 Nf6 3. Nxe5 d6 4. Nf3 Nxe4 5. Nc3 Nxc3 6. dxc3 Be7 7. Be3 Nc6
8. Qd2 Be6 9. O-O-O Bf6 10. Kb1 Qd7 11. h3 O-O-O 12. Nd4 Bxd4 13. cxd4 d5 14.
Bb5 a6 15. Be2 Bf5 16. Rhe1 Rhe8 17. Bf1 Qd6 18. a3 f6 19. Bf4 Qd7 20. f3 Rxe1
21. Rxe1 Re8 22. Rd1 h5 23. g4 hxg4 24. hxg4 Bh7 25. Bg3 Bg6 26. Qc3 Nd8 27.
Kc1 Qc6 28. Qxc6 Nxc6 29. Bf2 Rh8 30. Bg1 Nd8 31. Bg2 Ne6 32. Rd2 Kd7 33. Be3
c6 34. Kd1 f5 35. Ke1 f4 36. Bg1 a5 37. Re2 b5 38. Kd2 Kd6 39. Re1 Rb8 40. b3
Rh8 41. Re2 Ke7 42. Re1 Kf6 43. Re2 Rh7 44. Re1 Rh4 45. Re2 Ng5 46. Re1 Rh8 47.
Re2 a4 48. Kc1 b4 49. axb4 axb3 50. cxb3 Nh3 51. Bh2 Nf2 52. Rxf2 Rxh2 53. Rd2
Kg5 54. Bf1 Rh1 55. Rd1 Rh2 56. Rd2 Rh1 57. Rd1 Rh2 58. Rd2 1/2-1/2

[Event "Chess Olympiad 2012"]
[Site "?"]
[Date "????.??.??"]
[Round "10"]
[White "Peralta, Fernando"]
[Black "Grischuk, Alexander"]
[Result "1/2-1/2"]
[WhiteElo "2606"]
[BlackElo "2763"]
[PlyCount "60"]

1. d4 Nf6 2. c4 g6 3. Nc3 d5 4. cxd5 Nxd5 5. e4 Nxc3 6. bxc3 Bg7 7. Bc4 c5 8.
Ne2 Nc6 9. Be3 O-O 10. O-O b6 11. Rc1 Bb7 12. Bb3 cxd4 13. cxd4 Na5 14. d5 Qd6
15. Bd4 Ba6 16. Bxg7 Kxg7 17. Re1 Bxe2 18. Rxe2 Rac8 19. Rec2 Rxc2 20. Qxc2 Qe5
21. Qc3 Qxc3 22. Rxc3 Nxb3 23. axb3 e6 24. dxe6 Re8 25. Rc7 Rxe6 26. f3 a6 27.
Kf2 Re5 28. b4 Rb5 29. Rc4 h5 30. h4 a5 1/2-1/2

[Event "Chess Olympiad 2012"]
[Site "?"]
[Date "????.??.??"]
[Round "10"]
[White "Karjakin, Sergey"]
[Black "Flores, Diego"]
[Result "1-0"]
[WhiteElo "2785"]
[BlackElo "2589"]
[PlyCount "45"]

1. e4 c5 2. Nf3 e6 3. d4 cxd4 4. Nxd4 a6 5. Bd3 Bc5 6. Nb3 Be7 7. Qg4 Bf6 8.
Qg3 Nc6 9. Nc3 Nge7 10. Bf4 e5 11. Bd2 d6 12. O-O-O Be6 13. Kb1 Rc8 14. h4 h6
15. Qf3 Nb4 16. Be2 Nec6 17. Be3 b5 18. Nd5 Bxd5 19. exd5 Nd4 20. Nxd4 exd4 21.
Bxd4 Bxd4 22. Rxd4 Nxc2 23. Rd2 1-0

[Event "Chess Olympiad 2012"]
[Site "?"]
[Date "????.??.??"]
[Round "10"]
[White "Felgaer, Ruben"]
[Black "Tomashevsky, Evgeny"]
[Result "1/2-1/2"]
[WhiteElo "2570"]
[BlackElo "2730"]
[PlyCount "70"]

1. e4 e5 2. Nf3 Nc6 3. Bb5 a6 4. Ba4 Nf6 5. O-O Be7 6. Re1 b5 7. Bb3 O-O 8. a4
b4 9. d4 d6 10. dxe5 dxe5 11. Qxd8 Rxd8 12. Nbd2 Bd6 13. a5 h6 14. Bc4 Bb7 15.
Nb3 Re8 16. c3 bxc3 17. bxc3 Nd8 18. Nfd2 Ne6 19. f3 Bc6 20. Bf1 Reb8 21. Ba3
Kf8 22. Nc1 Bb5 23. Nc4 Bxa3 24. Rxa3 Nd7 25. Rd1 f6 26. Ra2 Ndc5 27. Rad2 Ba4
28. Re1 Rb1 29. Nd3 Rxe1 30. Nxe1 Rb8 31. Nd3 Nxd3 32. Bxd3 Nc5 33. Bf1 Bb5 34.
Ne3 Bxf1 35. Kxf1 h5 1/2-1/2

[Event "Chess Olympiad 2012"]
[Site "?"]
[Date "????.??.??"]
[Round "10"]
[White "Jakovenko, Dmitry"]
[Black "Mareco, Sandro"]
[Result "1/2-1/2"]
[WhiteElo "2722"]
[BlackElo "2589"]
[PlyCount "144"]

1. Nf3 Nf6 2. c4 e6 3. Nc3 Bb4 4. Qc2 O-O 5. a3 Bxc3 6. Qxc3 b6 7. e3 Bb7 8.
Be2 c5 9. b4 d6 10. Bb2 Nbd7 11. O-O Qe7 12. d4 Rac8 13. dxc5 bxc5 14. b5 Rfd8
15. a4 d5 16. a5 Ne8 17. Rfd1 Ndf6 18. Nd2 Nd6 19. f3 Nf5 20. Nb3 dxc4 21. Bxc4
Nd5 22. Bxd5 exd5 23. Re1 Qg5 24. Qe5 f6 25. Qf4 Qxf4 26. exf4 d4 27. Ba3 c4
28. Nc5 Bd5 29. b6 axb6 30. axb6 d3 31. Bb4 Nd4 32. b7 Rb8 33. Ba5 Re8 34.
Rxe8+ Rxe8 35. Re1 Rb8 36. Kf2 Nb3 37. Nxb3 cxb3 38. Rb1 Rxb7 39. Ke3 Be6 40.
g4 Rd7 41. Kd2 Rd4 42. f5 Bd5 43. Ke3 Ra4 44. Bd2 Bc4 45. Kd4 h6 46. Kc3 Kf7
47. h3 Kg8 48. Re1 Bd5 49. f4 Rc4+ 50. Kxd3 Rc2 51. Re8+ Kf7 52. Rb8 Bc4+ 53.
Kd4 Rxd2+ 54. Kxc4 b2 55. Kc3 Rh2 56. Rxb2 Rxh3+ 57. Kd4 Rg3 58. Ke4 Rxg4 59.
Kf3 Rg1 60. Rh2 Kg8 61. Kf2 Ra1 62. Kf3 Kh7 63. Kg4 Rg1+ 64. Kf3 g6 65. fxg6+
Kxg6 66. Ra2 h5 67. Ra8 Rh1 68. Kg3 Rb1 69. Ra5 Rb3+ 70. Kh4 Rf3 71. Rxh5 Rf1
72. Ra5 Rxf4+ 1/2-1/2

[Event "Chess Olympiad 2012"]
[Site "?"]
[Date "????.??.??"]
[Round "10"]
[White "Giri, Anish"]
[Black "Aronian, Levon"]
[Result "0-1"]
[WhiteElo "2711"]
[BlackElo "2816"]
[PlyCount "95"]

1. d4 d5 2. c4 c6 3. Nf3 Nf6 4. Qb3 e6 5. g3 Be7 6. Bg2 O-O 7. O-O Nbd7 8. Bf4
a5 9. Rc1 h6 10. a4 Ne4 11. Nfd2 Nd6 12. Bxd6 Bxd6 13. e4 dxe4 14. Nxe4 Bb4 15.
c5 Nf6 16. Qc4 Nxe4 17. Bxe4 Kh8 18. Bg2 e5 19. d5 f5 20. dxc6 e4 21. cxb7 Bxb7
22. c6 Ba6 23. Qb3 Rc8 24. Nc3 Rxc6 25. Nd5 Bc5 26. Bf1 f4 27. Nxf4 Bxf2+ 28.
Kh1 Rb6 29. Qc2 e3 30. Bg2 Qe8 31. Qc5 Rff6 32. Rc2 g5 33. Nd5 e2 34. Qxa5
e1=Q+ 35. Rxe1 Qxe1+ 36. Qxe1 Bxe1 37. Nxb6 Rxb6 38. Rc6 Rxc6 39. Bxc6 Kg7 40.
Kg2 Kf6 41. Bf3 Ke5 42. h4 Bc8 43. hxg5 hxg5 44. Kf1 Bxg3 45. b4 Kd4 46. a5 Kc4
47. a6 Bb8 48. Bb7 0-1

[Event "Chess Olympiad 2012"]
[Site "?"]
[Date "????.??.??"]
[Round "10"]
[White "Movsesian, Sergei"]
[Black "Van Wely, Loek"]
[Result "1/2-1/2"]
[WhiteElo "2698"]
[BlackElo "2691"]
[PlyCount "73"]

1. c4 Nf6 2. Nc3 c5 3. Nf3 e6 4. g3 b6 5. Bg2 Bb7 6. O-O Be7 7. d4 cxd4 8. Qxd4
d6 9. Rd1 a6 10. b3 Nbd7 11. Bb2 O-O 12. Ng5 Bxg2 13. Kxg2 Qc7 14. Nge4 Rfd8
15. f3 Nc5 16. Nxc5 dxc5 17. Qe3 Qc6 18. a4 Rxd1 19. Rxd1 Rd8 20. Rxd8+ Bxd8
21. Nd1 Nd7 22. Nf2 Bf6 23. Bxf6 Nxf6 24. Nd3 a5 25. Qf4 Nd7 26. Ne5 Nxe5 27.
Qxe5 f5 28. Qb8+ Kf7 29. Qd8 e5 30. Kf2 Qf6 31. Qd7+ Kf8 32. e4 f4 33. Qc8+ Ke7
34. Qc7+ Ke8 35. Qc8+ Ke7 36. Qc7+ Ke8 37. Qc8+ 1/2-1/2

[Event "Chess Olympiad 2012"]
[Site "?"]
[Date "????.??.??"]
[Round "10"]
[White "Radjabov, Teimour"]
[Black "Ivanchuk, Vassily"]
[Result "1/2-1/2"]
[WhiteElo "2788"]
[BlackElo "2769"]
[PlyCount "61"]

1. Nf3 Nf6 2. c4 g6 3. Nc3 d5 4. cxd5 Nxd5 5. g3 Bg7 6. Bg2 O-O 7. O-O c5 8.
Nxd5 Qxd5 9. d3 Nc6 10. Be3 Bd7 11. Nd4 Qd6 12. Nxc6 Bxc6 13. Bxc6 Qxc6 14. Rc1
Qa6 15. Rxc5 b6 16. Rc4 Qxa2 17. Rb4 Rfc8 18. Qa1 Qd5 19. Qa4 h5 20. Rc1 Rxc1+
21. Bxc1 Rc8 22. Be3 Bf6 23. h4 Rc7 24. Kh2 Qc6 25. b3 Bc3 26. Qxc6 Rxc6 27.
Ra4 Rc7 28. Kg2 Kf8 29. Kf3 Ke8 30. g4 hxg4+ 31. Kxg4 1/2-1/2

[Event "Chess Olympiad 2012"]
[Site "?"]
[Date "????.??.??"]
[Round "10"]
[White "Mamedyarov, Shakhriyar"]
[Black "Volokitin, Andrei"]
[Result "1/2-1/2"]
[WhiteElo "2729"]
[BlackElo "2709"]
[PlyCount "92"]

1. d4 Nf6 2. c4 g6 3. f3 d5 4. cxd5 Nxd5 5. e4 Nb6 6. Nc3 Bg7 7. Be3 O-O 8. Qd2
Nc6 9. O-O-O Qd6 10. Kb1 Rd8 11. Nb5 Qd7 12. d5 a6 13. Nc3 Na5 14. Bd4 e5 15.
Bc5 Nbc4 16. Qc1 b6 17. Bf2 Qd6 18. h4 Qb4 19. g4 f5 20. g5 fxe4 21. Nxe4 Bf5
22. Bd3 Rxd5 23. Bxc4 Nxc4 24. Rxd5 Bxe4+ 25. fxe4 Na3+ 26. Ka1 Qxe4 27. Rd2
Qxh1 28. bxa3 Rf8 29. Kb1 Qe4+ 30. Qc2 Qg4 31. Qd3 Kh8 32. Re2 c5 33. Bg3 c4
34. Qe3 e4 35. Kc2 Qd7 36. Rf2 Rd8 37. Rd2 Qa4+ 38. Kc1 Rd3 39. Qxb6 Qxa3+ 40.
Kd1 Rxd2+ 41. Kxd2 Qd3+ 42. Kc1 h5 43. Be1 Qa3+ 44. Kb1 Qd3+ 45. Kc1 Qa3+ 46.
Kb1 Qd3+ 1/2-1/2

[Event "Chess Olympiad 2012"]
[Site "?"]
[Date "????.??.??"]
[Round "10"]
[White "Moiseenko, Aleksandr"]
[Black "Mamedov, Rauf"]
[Result "1/2-1/2"]
[WhiteElo "2706"]
[BlackElo "2634"]
[PlyCount "101"]

1. d4 Nf6 2. c4 g6 3. Nc3 Bg7 4. e4 d6 5. f3 O-O 6. Be3 c5 7. Nge2 Nc6 8. d5
Ne5 9. Ng3 h5 10. Be2 e6 11. O-O exd5 12. cxd5 a6 13. a4 Bd7 14. Nh1 b5 15. Nf2
Nh7 16. Qd2 b4 17. Ncd1 f5 18. f4 Ng4 19. Nxg4 hxg4 20. Nf2 Re8 21. Rfe1 Qf6
22. b3 Qc3 23. Rac1 Qxd2 24. Bxd2 Bd4 25. e5 dxe5 26. fxe5 Rxe5 27. Bc4 Rae8
28. Rxe5 Rxe5 29. Kf1 Nf6 30. Nd3 Re8 31. Bxa6 Ne4 32. Be1 f4 33. Bb5 Bxb5 34.
axb5 f3 35. Nf2 fxg2+ 36. Kxg2 Nxf2 37. Bxf2 Re2 38. Rf1 c4 39. Kg3 Rxf2 40.
Rxf2 Bxf2+ 41. Kxf2 cxb3 42. b6 b2 43. b7 b1=Q 44. b8=Q+ Kh7 45. Qc7+ Kh6 46.
Qf4+ Kg7 47. Qe5+ Kh7 48. Qe7+ Kh6 49. Qh4+ Kg7 50. Qe7+ Kh6 51. Qh4+ 1/2-1/2

[Event "Chess Olympiad 2012"]
[Site "?"]
[Date "????.??.??"]
[Round "10"]
[White "Laznicka, Viktor"]
[Black "Wojtaszek, Radoslaw"]
[Result "0-1"]
[WhiteElo "2683"]
[BlackElo "2717"]
[PlyCount "84"]

1. d4 Nf6 2. c4 e6 3. Nc3 Bb4 4. Qc2 d5 5. cxd5 Qxd5 6. Nf3 Qf5 7. Qb3 Nc6 8.
Bd2 O-O 9. h3 a5 10. g4 Qg6 11. a3 a4 12. Qa2 Bxc3 13. bxc3 Ne4 14. Bg2 f5 15.
Rb1 Kh8 16. Qc2 Nxd2 17. Nxd2 e5 18. e3 Qf6 19. O-O Nd8 20. f4 exd4 21. cxd4
Qe7 22. Nc4 fxg4 23. hxg4 Bxg4 24. Ne5 Bf5 25. e4 Be6 26. d5 Bg8 27. Rf3 c6 28.
Rh3 Rf6 29. Rd1 Nf7 30. Nxf7+ Qxf7 31. f5 cxd5 32. Rxd5 Rc6 33. Rc3 Qe7 34.
Rxc6 bxc6 35. Rd3 Rb8 36. Rc3 h6 37. Rc5 Qd6 38. e5 Qd4+ 39. Qf2 Rb1+ 40. Bf1
Qg4+ 41. Kh2 Bd5 42. Rc3 Qe4 0-1

[Event "Chess Olympiad 2012"]
[Site "?"]
[Date "????.??.??"]
[Round "10"]
[White "Socko, Bartosz"]
[Black "Navara, David"]
[Result "0-1"]
[WhiteElo "2635"]
[BlackElo "2691"]
[PlyCount "48"]

1. d4 d5 2. c4 c6 3. e3 Bf5 4. Nc3 e6 5. Qb3 Qb6 6. c5 Qc7 7. f4 Nf6 8. Nf3 b6
9. cxb6 axb6 10. Bd2 Ne4 11. Rc1 Nxc3 12. Bxc3 Bd6 13. Bb4 O-O 14. Bxd6 Qxd6
15. Qxb6 Rxa2 16. Ne5 f6 17. Nxc6 Nxc6 18. Rxc6 Qb8 19. Be2 Rxb2 20. Qxb8 Rfxb8
21. Bf3 Bd3 22. f5 Ra2 23. fxe6 Rb1+ 24. Bd1 Re2+ 0-1

[Event "Chess Olympiad 2012"]
[Site "?"]
[Date "????.??.??"]
[Round "10"]
[White "Rasmussen, Allan Stig"]
[Black "Polgar, Judit"]
[Result "0-1"]
[WhiteElo "2496"]
[BlackElo "2698"]
[PlyCount "78"]

1. d4 Nf6 2. c4 e6 3. Nc3 Bb4 4. e3 O-O 5. Nge2 d5 6. a3 Be7 7. cxd5 exd5 8.
Nf4 Re8 9. Bd3 c6 10. O-O a5 11. f3 b5 12. Bc2 Ba6 13. Re1 b4 14. Na4 Nbd7 15.
e4 Nf8 16. e5 N6d7 17. Nh5 g6 18. Ng3 c5 19. dxc5 Nxc5 20. f4 Bc4 21. Be3 Qc7
22. Qd2 b3 23. Nxc5 bxc2 24. b3 d4 25. Qxd4 Bxc5 26. Qxc5 Qxc5 27. Bxc5 Bxb3
28. Ne4 Rec8 29. Rac1 Ne6 30. Be3 Rd8 31. g4 Rd1 32. Kf2 Rad8 33. Nd6 f6 34. f5
fxe5 35. Nb7 Rf8 36. Nxa5 Ba4 37. Bh6 Nc5 38. Ke2 Rfd8 39. Nc4 Nd3 0-1

[Event "Chess Olympiad 2012"]
[Site "?"]
[Date "????.??.??"]
[Round "10"]
[White "Zhigalko, Sergei"]
[Black "Naiditsch, Arkadij"]
[Result "1/2-1/2"]
[WhiteElo "2667"]
[BlackElo "2712"]
[PlyCount "76"]

1. e4 e5 2. Nf3 Nc6 3. Bc4 Bc5 4. d3 Nf6 5. O-O O-O 6. Nbd2 a5 7. c3 d5 8. exd5
Nxd5 9. Re1 Bg4 10. h3 Bh5 11. Ne4 Be7 12. Ng3 Bg6 13. Nxe5 Nxe5 14. Rxe5 Nb6
15. Be3 Bd6 16. Rb5 Nxc4 17. dxc4 Bxg3 18. fxg3 Re8 19. Qxd8 Raxd8 20. Re1 b6
21. Rd5 f6 22. Rxd8 Rxd8 23. Bf4 Rd7 24. Re6 Bb1 25. Re8+ Kf7 26. Rc8 c5 27.
Rc7 Ke7 28. Rc6 g5 29. Be3 Rd6 30. Rxd6 Kxd6 31. a3 a4 32. g4 Bd3 33. Bf2 Bxc4
34. Bg3+ Kc6 35. Kf2 Bf7 36. Bb8 b5 37. Ba7 Bd5 38. Kg1 Be4 1/2-1/2

[Event "Chess Olympiad 2012"]
[Site "?"]
[Date "????.??.??"]
[Round "10"]
[White "So, Wesley"]
[Black "Le, Quang Liem"]
[Result "1/2-1/2"]
[WhiteElo "2652"]
[BlackElo "2693"]
[PlyCount "78"]

1. d4 d5 2. c4 c6 3. Nc3 Nf6 4. cxd5 cxd5 5. Bf4 Nc6 6. e3 a6 7. Rc1 Bg4 8. f3
Bd7 9. g4 g6 10. h4 Bg7 11. h5 O-O 12. Qd2 Qa5 13. Bd3 Rac8 14. Bb1 b5 15. a3
b4 16. axb4 Qxb4 17. Qh2 Na5 18. Ba2 Nc4 19. Bxc4 Rxc4 20. Be5 h6 21. hxg6 fxg6
22. Qc2 g5 23. Nh3 Qb7 24. Nf2 Be8 25. O-O Nd7 26. Bxg7 Kxg7 27. Qe2 Bg6 28. e4
Qb8 29. Nh1 Rxd4 30. Nxd5 Ne5 31. Rc3 e6 32. Nc7 Rf6 33. Ng3 a5 34. Nf5+ exf5
35. exf5 Nc6 36. Rxc6 Rxc6 37. Qe5+ Kg8 38. Qxd4 Qxc7 39. fxg6 Qg3+ 1/2-1/2

[Event "Chess Olympiad 2012"]
[Site "?"]
[Date "????.??.??"]
[Round "10"]
[White "Sasikiran, Krishnan"]
[Black "Dominguez Perez, Leinier"]
[Result "0-1"]
[WhiteElo "2707"]
[BlackElo "2725"]
[PlyCount "126"]

1. d4 Nf6 2. Nf3 g6 3. Bg5 Bg7 4. Nbd2 d5 5. e3 O-O 6. Be2 c5 7. c3 b6 8. O-O
Nc6 9. a3 Bb7 10. Bh4 h6 11. Ne5 cxd4 12. exd4 Qc8 13. f4 e6 14. Bd3 Ne7 15.
Qe2 Re8 16. g4 a5 17. Rae1 Ba6 18. Bxa6 Rxa6 19. a4 Ra7 20. Kh1 Rb7 21. Rf3 Rf8
22. Re3 Ra7 23. Rf1 Rb7 24. Qd3 Qe8 25. Bxf6 Bxf6 26. f5 Bxe5 27. Rxe5 exf5 28.
gxf5 f6 29. Re6 Qf7 30. Rg1 g5 31. Nf1 Ng6 32. Qe3 Re7 33. Ng3 Rfe8 34. Rxe7
Qxe7 35. Qxe7 Nxe7 36. Re1 Kf7 37. Nh5 Rc8 38. Re6 Rc6 39. Rxc6 Nxc6 40. Kg2
Ne7 41. Ng3 h5 42. h4 gxh4 43. Nxh5 Nxf5 44. Nf4 Ne3+ 45. Kh3 Ke7 46. Kxh4 Kd6
47. Kg3 Nd1 48. Nd3 b5 49. axb5 a4 50. Nb4 Nxb2 51. b6 a3 52. Nxd5 Kc6 53. Nb4+
Kxb6 54. Kf3 Nd3 55. Nc2 a2 56. Ke4 Nb2 57. Kd5 Nd1 58. Ke6 Nxc3 59. d5 Kb5 60.
Na1 Kc4 61. d6 Ne4 62. d7 Nc5+ 63. Kxf6 Nxd7+ 0-1

[Event "Chess Olympiad 2012"]
[Site "?"]
[Date "????.??.??"]
[Round "10"]
[White "Gelfand, Boris"]
[Black "Mchedlishvili, Mikheil"]
[Result "1/2-1/2"]
[WhiteElo "2738"]
[BlackElo "2659"]
[PlyCount "43"]

1. d4 Nf6 2. c4 e6 3. Nc3 Bb4 4. e3 c5 5. Nge2 cxd4 6. exd4 d5 7. a3 Be7 8. Nf4
dxc4 9. Bxc4 O-O 10. O-O Nc6 11. Be3 Bd6 12. Nh5 Nd5 13. Ba2 Nxc3 14. bxc3 e5
15. Qd2 exd4 16. cxd4 Qa5 17. Qe2 Bf5 18. Qf3 Bg6 19. Nf4 Bf5 20. Nh5 Bg6 21.
Nf4 Bf5 22. Nh5 1/2-1/2

[Event "Chess Olympiad 2012"]
[Site "?"]
[Date "????.??.??"]
[Round "10"]
[White "Lupulescu, Constantin"]
[Black "Vachier-Lagrave, Maxime"]
[Result "1/2-1/2"]
[WhiteElo "2614"]
[BlackElo "2686"]
[PlyCount "62"]

1. d4 Nf6 2. c4 g6 3. Nc3 d5 4. Nf3 Bg7 5. Bf4 O-O 6. Rc1 Be6 7. e3 dxc4 8. Ng5
Bd5 9. e4 h6 10. exd5 hxg5 11. Bxg5 c6 12. Bxc4 cxd5 13. Bxf6 exf6 14. Bxd5
Re8+ 15. Kf1 Nc6 16. h4 f5 17. h5 Qg5 18. hxg6 Qxg6 19. Ne2 Qd6 20. Bxc6 bxc6
21. Qc2 Re6 22. Ng3 Qxd4 23. Nxf5 Qxb2 24. Nxg7 Qxc2 25. Rxc2 Kxg7 26. Rh4 Rc8
27. Rhc4 Kf6 28. g3 Ke7 29. R2c3 Rc7 30. Rc2 Kd6 31. Rd2+ Ke5 1/2-1/2

[Event "Chess Olympiad 2012"]
[Site "?"]
[Date "????.??.??"]
[Round "10"]
[White "Papaioannou, Ioannis"]
[Black "Vallejo Pons, Francisco"]
[Result "1/2-1/2"]
[WhiteElo "2606"]
[BlackElo "2697"]
[PlyCount "79"]

1. d4 Nf6 2. Nf3 b6 3. Bg5 e6 4. Nbd2 Bb7 5. e3 h6 6. Bh4 d6 7. Bb5+ Nbd7 8.
Bxf6 Qxf6 9. Qe2 a6 10. Ba4 g5 11. O-O Bg7 12. c3 Qe7 13. e4 O-O 14. h3 c5 15.
Rfd1 cxd4 16. cxd4 Rfc8 17. Nf1 Nf8 18. Ng3 Ng6 19. Nh5 Bh8 20. Bc2 b5 21. Rac1
Rc7 22. Bd3 Rxc1 23. Rxc1 Rc8 24. Rxc8+ Bxc8 25. a4 bxa4 26. Bxa6 Qc7 27. Bxc8
Qxc8 28. Qb5 Nf4 29. Nxf4 Qc1+ 30. Qf1 Qxf4 31. Qe1 f5 32. exf5 exf5 33. Qe8+
Kh7 34. Qxa4 g4 35. hxg4 fxg4 36. Qc2+ Kg8 37. Qc4+ Kh7 38. Nh4 Bxd4 39. Qc2+
Kg7 40. Qg6+ 1/2-1/2

[Event "Chess Olympiad 2012"]
[Site "?"]
[Date "????.??.??"]
[Round "10"]
[White "Iturrizaga, Eduardo"]
[Black "Bologan, Viktor"]
[Result "1-0"]
[WhiteElo "2627"]
[BlackElo "2734"]
[PlyCount "67"]

1. Nf3 c5 2. c4 Nc6 3. d4 cxd4 4. Nxd4 e6 5. Nc3 Bc5 6. Nb3 Be7 7. Bf4 Nf6 8.
e3 Bb4 9. Be2 Ne4 10. Qc2 f5 11. O-O Bxc3 12. bxc3 e5 13. f3 Ng5 14. Bxg5 Qxg5
15. f4 exf4 16. exf4 Qf6 17. Bh5+ g6 18. Rfe1+ Kf7 19. Bf3 d6 20. Rad1 Rd8 21.
c5 dxc5 22. Nxc5 Rb8 23. Rxd8 Nxd8 24. Qa4 Kg7 25. Qxa7 Qxc3 26. Rd1 Nf7 27.
Kh1 Qe3 28. Ne6+ Qxe6 29. Qxb8 Qc4 30. Bd5 Qe2 31. Bb3 Be6 32. Qxb7 Bxb3 33.
Qxb3 Nd6 34. Qd3 1-0

[Event "Chess Olympiad 2012"]
[Site "?"]
[Date "????.??.??"]
[Round "10"]
[White "Caruana, Fabiano"]
[Black "Elsness, Frode"]
[Result "1-0"]
[WhiteElo "2773"]
[BlackElo "2498"]
[PlyCount "59"]

1. Nf3 d5 2. d4 Nf6 3. c4 c6 4. Qb3 g6 5. Nc3 Bg7 6. cxd5 cxd5 7. Bg5 O-O 8.
Bxf6 Bxf6 9. Nxd5 Bg7 10. Nc3 Nc6 11. e3 e5 12. d5 e4 13. Nd2 Na5 14. Qb4 Bf5
15. Rd1 Rc8 16. Be2 Re8 17. O-O Bf8 18. Qa4 a6 19. Ndxe4 b5 20. Nf6+ Kh8 21.
Qh4 h6 22. d6 Re6 23. d7 Rb8 24. Qf4 Rb7 25. Ncd5 Bg7 26. e4 Bxf6 27. Qxh6+ Kg8
28. exf5 Bg7 29. fxe6 Bxh6 30. e7 1-0